000 00465nam a2200157 i 4500
001 25036
003 ES-MaACL
007 t|
008 021220s1982 sp ||||1| spa d
245 0 0 _aAntología de teatro galego /
_cManuel Lorenzo, F. Pillado Mayor.
260 _aSada, A Coruña :
_bEdic. do Castro,
_c[1982]
300 _a605 p. ;
_c24 cm.
700 1 _aLorenzo, Manuel.
_974158
700 1 _aPillado Mayor, F.
_992028
852 _aES-MaACL
_jL-3577
_bR.104708
999 _c25036
_d25036